La niña que iluminó la noche /
Guardado en:
| Autor Principal: | |
|---|---|
| Otros Autores: | |
| Formato: | Libro |
| Publicado: |
Buenos Aires :
Ediciones de la Flor,
2013
|
| Series: | Libros de la florcita / Kuki Miler
|
| Materias: | |
| Etiquetas: |
Agregar Etiqueta
Sin Etiquetas, Sea el primero en etiquetar este registro!
|
| LEADER | 00995nam a22002775a 4500 | ||
|---|---|---|---|
| 001 | CEM.cems015139 | ||
| 005 | 20190926144241.0 | ||
| 008 | 130507s2013##################000#0#####d | ||
| 003 | CEMS | ||
| 020 | |a 9789505159826 | ||
| 082 | 0 | 4 | |a 818.5 |
| 100 | 1 | |a Bradbury, Ray | |
| 245 | 1 | 0 | |a La niña que iluminó la noche / |c Ray Bradbury ; ilustrado Por Juan Marchesi |
| 260 | |a Buenos Aires : |b Ediciones de la Flor, |c 2013 | ||
| 300 | |a 32 p. | ||
| 490 | 0 | |a Libros de la florcita / Kuki Miler | |
| 500 | |a Título original: Switch on the night | ||
| 653 | |a Literatura | ||
| 653 | |a Literatura estadounidense | ||
| 653 | |a Literatura infantil | ||
| 653 | |a Cuentos infantiles | ||
| 653 | |a Colección ciencias de la educación | ||
| 700 | 1 | |a Marchesi, Juan; il. | |
| 859 | |a CEMS |b BIB. CEMS - Ccias. Educacion |h 818.5 |i B726 |k CE |p 27985.19 |t Ej.2 | ||
| 859 | |a CEMS |b BIB. CEMS - Ccias. Educacion |h 818.5 |i B726 |k CE |p 27989.19 |t Ej.1 | ||
| 859 | |a CEMS |b BIB. CEMS - Ccias. Educacion |h 818.5 |i B726 |k CE |p 29000.19 |t Ej.3 | ||
